Obnova vojenského cintorína z 1. svetovej vojny, Banská Bystrica - Majer

Gespeichert in:
Bibliographische Detailangaben
1. Verfasser: Šimek, Richard (Verfasst von)
Weitere Verfasser: Kuráň, Jozef (Betreuung Doktorarbeit)
Format: Manuskript Buch
Sprache:Slowakisch
Veröffentlicht: 2017
Schlagworte:
Online-Zugang:http://is.stuba.sk/zp/portal_zp.pl?podrobnosti=126643
https://opac.crzp.sk/?fn=detailBiblioForm&sid=CBCDB6E5622FB9C0D0514728BE80
Tags: Tag hinzufügen
Keine Tags, Fügen Sie das erste Tag hinzu!

MARC

LEADER 00000ntm a22000003a 4500
001 stuzp62660
003 SK-STU
005 20230818131628.6
007 ta
008 150427s2015----xo-----f-mn---000-0-slo-d
040 |a STU  |b slo 
041 0 |a slo 
100 1 |a Šimek, Richard  |u 010310  |4 aut  |U SvF Stavebná fakulta  |T SvF Katedra architektúry  |X 7576  |U V181|V310  |Y 19  |7 7576 
242 0 1 |a Renovation of the military cementery of 1st World War, Banská Bystrica – Majer  |y eng 
245 1 0 |a Obnova vojenského cintorína z 1. svetovej vojny, Banská Bystrica - Majer 
260 |c 2017 
650 4 |a hrob  |2 slo 
650 4 |a cintorín  |2 slo 
650 4 |a zákop  |2 slo 
650 4 |a 1.svetová vojna  |2 slo 
650 4 |a cementary  |2 eng 
650 4 |a trench  |2 eng 
650 4 |a World War I  |2 eng 
650 4 |a grave  |2 eng 
700 1 |a Kuráň, Jozef  |u 010310  |k Z2  |4 ths  |U SvF Stavebná fakulta  |T SvF Katedra architektúry  |X 710  |U V181|V310  |Y 19  |7 A000000710 
856 4 |u http://is.stuba.sk/zp/portal_zp.pl?podrobnosti=126643 
856 4 |u https://opac.crzp.sk/?fn=detailBiblioForm&sid=CBCDB6E5622FB9C0D0514728BE80